| 000 | 00784nam a2200241 a 4500 | ||
|---|---|---|---|
| 005 | 20210219152907.0 | ||
| 008 | 991125n 000 0 eng u | ||
| 035 | _aUPN01000065963 | ||
| 100 | _aBullough, Robert B. | ||
| 222 | 0 |
_aTEACHING AND TEACHER EDUCATION : _bAN INTERNATIONAL JOURNAL OF RESEARCH AND STUDIES |
|
| 245 | 0 | _aBeginning teacher curriculum decision making, personal teaching metaphors, and teacher education | |
| 300 | _a239-252 | ||
| 362 | _a1992 8, No. 3 | ||
| 505 | _aMarzo 1993 | ||
| 653 | 0 | _aANTECEDENTES DEL MAESTRO | |
| 653 | 0 | _aDISE\197O CURRICULAR | |
| 653 | 0 | _aESTILOS DE ENSEĆANZA | |
| 653 | 0 | _aESTUDIANTES COMO MAESTROS | |
| 653 | 0 | _aPROFESORES PRINCIPIANTES | |
| 653 | 0 | _aPSICOLOGIA FAMILIAR | |
| 904 |
_aAC _b003774 |
||
| 905 | _aArticulo | ||
| 999 |
_c63220 _d63220 |
||